Solid,Liquid or Gas - Statistics

General Stats
  • This quiz has been taken 38 times
  • The average score is 20 of 20
Answer Stats
Hint Answer % Correct
Carbon Dioxide Gas
100%
Oxygen Gas
100%
Helium Gas
100%
Milk Liquid
100%
Electric Fan Solid
100%
Table Solid
100%
Cellphone Solid
100%
Pencil Solid
100%
Nitrogen Gas
97%
Hydrogen Gas
97%
Water Liquid
97%
Vinegar Liquid
97%
Coffee Liquid
97%
Herbal Tea Liquid
97%
Key Board Solid
97%
Shoe Solid
97%
Chair Solid
97%
Blanket Solid
97%
Oil Liquid
94%
Water Vapor Gas
88%
No matching quizzes found
Score Distribution
Percent of People with Each Score
Percentile by Number Answered
Your Score History
You have not taken this quiz